| 000 | 00388 a2200133 4500 | ||
|---|---|---|---|
| 999 |
_c321346 _d321346 |
||
| 001 | 86273 | ||
| 003 | NUST | ||
| 005 | 20180122104128.0 | ||
| 008 | 180122b xxu||||| |||| 00| 0 eng d | ||
| 020 | _a9781846145872 | ||
| 082 | _a954.91053 RAS | ||
| 100 |
_aAhmed Rashid _9342 |
||
| 245 |
_aPakistan on the brink : the future of Pakistan, Afghanistan and the West _cAhmed Rashid _hEnglish |
||
| 260 |
_aLahore _bAllen Lane _c2012 |
||
| 300 | _axxi, 234 p. | ||
| 942 |
_acaenust _k954.91053 RAS _cBK _2ddc |
||